00291nam a2200109Ia 4500082001200000100002300012245004500035260003000080300001400110650003400124710002300158 aTD.0143 aDhillon, Manjit K. 0aProblem of juvenile delinquency in India c1962bUniversity of Delhi axxv,404p. aJUVENILE DELINQUENCY - INDIA  aBhattacharya, B.K.